Normal view
MARC view
- جمال الدين ، صلاح الدين
Entry Personal Name
001 - CONTROL NUMBER
- control field: 32400
003 - CONTROL NUMBER IDENTIFIER
- control field: JO-AjAnu
005 - DATE AND TIME OF LATEST TRANSACTION
- control field: 20230606075439.0
008 - FIXED-LENGTH DATA ELEMENTS
- fixed length control field: 230606|| aca||aabn | a|a d
040 ## - CATALOGING SOURCE
- Original cataloging agency: JO-AjAnu
- Transcribing agency: JO-AjAnu
100 ## - HEADING--PERSONAL NAME
- Personal name: جمال الدين ، صلاح الدين
670 ## - SOURCE DATA FOUND
- Source citation: Work cat.: (JO-AjAnu)16643: جمال الدين ، صلاح الدين , author, القانون الدولي الخاص : الاختصاص القضائى الدولى وتنازع القوانين : الكتاب الأول